Petit Bac - Lettre L - Statistiques

Statistiques générales
  • Ce quiz a été pris 8 361 fois
  • Le résultat moyen est 8 sur 10
Statistiques - réponses
Catégories : Réponses en L % Correct
Prénom Lalita / Lana / Laura / Lauren / Laurence / Laurina / Lavinia / Léa / Léane / Léïla / Léna / Léna-Rose / Lene / Lenka / Léonie / Lésia / Letizia / Liana / Lili / Lilou / Lily / Lily-Jade / Lily-Rose / Lina / Lindsay / Lisanne / Lise / Lison / Liv / Livia / Lidia / Loane / Lola / Lolita / Lorea / Lorraine / Lou / Lou-Anne / Louane / Louenn / Louisa / Louise / Louna / Luana / Luna / Lucie / Lucille / Lucy / Ludivine / Ludmila / Lurdes / Luzia / Lysha / Laurel / Laurent / Léandre / Leif / Lennart / Lenny / Léo / Léo-Paul / Léon / Léonard / Léonardo / Lev / Levent / Lew / Lewis / Liam / Lino / Lionel / Lisandru / Logan / Loïc / Lorens / Lothaire / Louis / Louis-Alexandre / Louis-Félix / Louis-Marie / Louis-Thomas / Lucas / Lucien / Luuk / Lenni / Loris / Luke / Lucine / lancelot / Luc
100%
Objet Laisse / Lampe / Lampe à huile / Lampe à incandescence / Lave-linge / Lit / Lunettes / Lunettes de soleil / Livre / Lave linge / Landau / Lecteur / Loupe / longue vue / Luge / Lampadaire / Lime / Lame / Lavabo / Lance / Lyre / Litiere / Lanterne / Lustre / Linge / Lavoir / Levier / Liseur / Liseuse / Lingette / Lingot / Lucarne / Lutin / Leurre / lessive / Lampion / Lange / liste / LED / Livret / Latte / Lasso / Lubrifiant / Lisseur / Loupiote / Laine / Lavette / Luth / Laser / Lance pierre / Laniere / Limonade / Loque / Louche
98%
Animal Labbe parasite / Labre / Lagopède / Lagotriche / Lama / Lamantin / Lamproie / Lançon / Langouste / Langoustine / Langur / Lapin / Lièvre / Larinioides / Lemming / Lémurien / Léopard / Léopard des neiges / Lémur / Lepture cordigère / Lérot / Lérotin / Leste fiancé / Léthocère d'Amérique / Lycaon / Loutre / Lion / Loup / Limace
97%
Pays Laos / Lesotho / Lettonie / Liban / Libéria / Libye / Liechtenstein / Lithuanie / Luxembourg
95%
Marque Loto / Lycos / Lessieur / Lion / Loreal / Leerdamer / Loulou De Cacharel / Lancome / Le Monde / Lu / Le Chat / Lotus / La Halle / Lanvin / La Mondiale / LibertySurf / LG / Lego / La Poste / Liebig / Lipton / Lindt / Lidl / Leroy Merlin / La Samaritaine / Les 3 Suisses / Lotus / La Laitière / Lustucru / Labeyrie / Lacoste / Lucky strike / Lafarge / Lycra / La Vosgienne / Leclerc / Latex / Les 4 Temps / La Gée / Land rover / La Buire / La Fayette / La Salle / Lada / Lagonda / Lamborghini / Lammas-Graham / Lancia / Lanchester / Leader Price / Leclerc / Lexington / Lexus / Lorraine / Lobini / Lifan / Ligier / Lincoln / Levis / Lee cooper / Le petit marseillais / Lierac / Little marcel / Lion
93%
Fruit ou Légume Laitue / Lentille / Lime / Limette / Litchi / Longane / Lucuma
77%
Partie du corps Langue / Larynx / Lèvre / Ligament / Lobe d’oreille / Lombaires / Long péronier latéral / Long supinateur
76%
Métier Laborantin / Lad-driver / Lad-jockey / Laitier / Lapidaire / Laquais / Laqueur / Lavandier / Laveur de vitre / Layout artist / Lead Game designer / Lecteur-correcteur / Level designer / Libraire / Lieutenant / Lighting artist / Limonadier / Lingère / Linguistel / Logisticien / Livreur / Logopède / Luthier
69%
Sport Lancer de javelot / Lancer de marteau / Lancer de poids / Lawn bowl / Luge / Lutte
68%
Vêtement laçure / ladrine / lainette / lamba / lange / largeot / lavage / lavalava / lava-lava / lavallière / lébéton / Lederhose / legging / leggings / léotard / lessive / lessiver / lévite / lévitonaire / limace / limouille / limousine / linge de corps / lingerie fine / liquette / litham / lodier / Lacets
38%
Aucun quiz correspondant
Distribution des résultats
% des personnes avec chaque résultat
Percentile par nombre de réponses
Votre historique - résultats
Vous n’avez pas pris ce quiz